Maladies MCFO 25-26 - Statistiques

Statistiques générales
  • Ce quiz a été pris 18 fois
  • Le résultat moyen est 3 sur 5
Statistiques - réponses
Anomalie Pathologie % Correct
2ème poche entobranchiale, infection aiguë des amygdales palatines Amygdalite
100%
Enfants nés sans thymus, deficit immunitaire majeure, 3ème poche entobranchiale Enfants bulles
75%
Sinus cervical pathologique suite a anomalie de développement de la 2eme fente Fistules/ kystes cervicaux
50%
Anomalie chromosomique plurisyndromique, anomalies des parathyroïdes inférieurs du thymus Syndrome de Di George
50%
Aspect fige du visage Névralgie faciale
25%
Aucun quiz correspondant
Distribution des résultats
% des personnes avec chaque résultat
Percentile par nombre de réponses
Votre historique - résultats
Vous n’avez pas pris ce quiz